Statistics for Name all the Countries in Asia

Click here to take the quiz!

General Stats

  • This quiz has been taken 1,595 times
  • The average score is 36 of 51

Answer Stats

LetterAnswer% Correct
CChina
92%
JJapan
86%
AAfghanistan
85%
IIndia
85%
NNorth Korea
85%
SSouth Korea (Korean Republic)
84%
IIndonesia
81%
PPakistan
80%
YYemen
80%
IIran
79%
KKazakhstan
79%
MMongolia
79%
IIraq
78%
OOman
78%
VVietnam
78%
BBangladesh
76%
RRussia
76%
AArmenia
75%
QQatar
75%
TThailand
75%
MMalaysia
74%
SSaudi Arabia
74%
AAzerbaijan
73%
IIsrael
73%
LLaos
73%
CCambodia
72%
NNepal
72%
UUzbekistan
72%
PPhilippines
71%
TTurkey
71%
TTurkmenistan
71%
JJordan
70%
BBhutan
69%
TTaiwan
69%
SSingapore
68%
GGeorgia
65%
SSri Lanka
65%
BBahrain
64%
SSyria
64%
TTajikistan
63%
UUnited Arab Emirates (UAE)
63%
LLebanon
62%
MMyanmar (Burma)
62%
BBrunei
61%
KKuwait
58%
EEast Timor
56%
MMaldives
56%
CCyprus
49%
PPalestine
38%
KKyrgyzstan
36%
EEgypt
25%

Score Distribution

Percentile by Number Answered

Percent of People with Each Score

Your Score History

You have not taken this quiz